[Event "IECC P email"]
[Site "IECC email"]
[Date "2000.08.16"]
[Round "?"]
[White "Hudson, Chris"]
[Black "Denney, Cyril"]
[Result "0-1"]
[WhiteElo "999"]
[BlackElo "1417"]
[PlyCount "124"]
[EventDate "2000.??.??"]
[EventType "tourn (corr)"]
[EventRounds "6"]
[SourceTitle "Corr 2008"]
[Source "ChessBase"]
[SourceDate "2008.06.24"]
[SourceVersion "1"]
[SourceVersionDate "2008.06.24"]
[SourceQuality "1"]

1. e4 e6 2. d4 d5 3. Nc3 Nf6 4. Nf3 dxe4 5. Ne5 Nbd7 6. Bg5 Be7 7. Bc4 Nxe5 8. dxe5 Nd7 9. Bxe7 Qxe7 10. Qd4 Qg5 11. Qxe4 Qxe5 12. f4 Qxe4+ 13. Nxe4 Nb6 14. Bd3 Bd7 15. g3 Bc6 16. 0-0 Nd5 17. a3 0-0-0 18. Ng5 Be8 19. Rae1 h6 20. Nf3 Nf6 21. Ne5 Nd7 22. Nc4 h5 23. b4 h4 24. Rf3 hxg3 25. Rxg3 g6 26. a4 Nf6 27. b5 Nd5 28. Rf1 Rh4 29. Rgf3 Nb4 30. Be4 Rd4 31. Bd3 Nd5 32. Nb2 Rdxf4 33. a5 Rxf3 34. Rxf3 Rb4 35. Nd1 f5 36. c4 Nf6 37. Rh3 Nh5 38. Nc3 Kd8 39. c5 e5 40. Kf2 e4 41. Be2 Rb3 42. Bc4 Ra3 43. a6 bxa6 44. bxa6 f4 45. Rxh5 Rxc3 46. Rd5+ Kc8 47. Rd4 Rc2+ 48. Kg1 Rc1+ 49. Kg2 Rc2+ 50. Kh3 Bd7+ 51. Kh4 Rxh2+ 52. Kg5 Bf5 53. c6 f3 54. Kf6 e3 55. Rd5 Rd2 56. Re5 Rd6+ 57. Kf7 e2 58. Bd5 Rxd5 59. Rxd5 e1Q 60. Rb5 Qe6+ 61. Kg7 Qxc6 62. Rb3 f2 0-1

[Event "IECC Y2KO email"]
[Site "IECC email"]
[Date "1999.10.14"]
[Round "?"]
[White "Hudson, Chris"]
[Black "Schalkwijk, Peter H"]
[Result "0-1"]
[WhiteElo "1000"]
[BlackElo "1710"]
[PlyCount "44"]
[EventDate "1999.??.??"]
[EventType "tourn (corr)"]
[EventRounds "2"]
[SourceTitle "Corr 2008"]
[Source "ChessBase"]
[SourceDate "2008.06.24"]
[SourceVersion "1"]
[SourceVersionDate "2008.06.24"]
[SourceQuality "1"]

1. d4 d5 2. e3 Nf6 3. Nc3 c5 4. Nf3 Bg4 5. Be2 Nc6 6. Ne5 Nxe5 7. dxe5 Bxe2 8. Nxe2 Ng4 9. b3 e6 10. Bb2 Qa5+ 11. Bc3 Qc7 12. Nf4 Nxe5 13. 0-0 0-0-0 14. Bxe5 Qxe5 15. Qe2 Bd6 16. g3 h5 17. c4 h4 18. Nd3 Qg5 19. f4 Qg6 20. Rf3 Qh5 21. h3 hxg3 22. Rxg3 Qxe2 0-1